路人的王牌 . Joker X King . 1

資料類型: Book 圖書   書目號:50998

Leader xxxxxxxxxx
001 __ 102456/0/01
005 __ 20170410105851.442
010 0_ |a978-986-5669-31-7|b第1冊 : 平裝|d新臺幣250元
042 __ |anbim
100 __ |a20170410d2015    k  y0chiy50      e
101 0_ |achi
102 __ |atw
105 __ |ay   z   000ay
200 1_ |a路人的王牌|h1|iJoker X King|f雷雷夥伴作
205 __ |a第1版
210 __ |a新北市|c凌雲文創|d2015[民104]
215 0_ |a316面|d21公分
225 12 |a奇域紀|v19
517 1_ |aJoker X King|zeng
606 __ |2cst|a長篇小說
700 _0 |a雷雷夥伴作|4681 __ |a857.7|b8444 v.1
801 _0 |atw|bLibDipper|c20170410|gCCR
詳細館藏(共 1 筆)
索 書 號登 錄 號冊次號館別 / 館藏地流通類型狀態加入預約清單電子資源
857.7 / 8444 1024560 v.1 圖書館 / 一樓輕小說專區 可外借30天 在館   

| 條列資料




目錄查詢 分類查詢 個人資料 圖書薦購 新書查詢 閉館日 排行榜 更多電子資源 Hami書城 線上資料庫 登出

From : 216.73.217.87

  本日流通累計至 17:14:56 借閱 : 13 次 續借 : 0 次 歸還 : 10 次 預約 : 0 次 電子資源 : 0 次


內湖高中圖書館  PCLIS 版本  26.5.0.12